Detalles MARC
| 000 -CABECERA |
| campo de control de longitud fija |
02000nam a2200277 i 4500 |
| 003 - IDENTIFICADOR DEL NÚMERO DE CONTROL |
| campo de control |
DO-SdBNP |
| 005 - FECHA Y HORA DE LA ÚLTIMA TRANSACCIÓN |
| campo de control |
20250602111318.0 |
| 007 - CAMPO FIJO DE DESCRIPCIÓN FÍSICA--INFORMACIÓN GENERAL |
| campo de control de longitud fija |
ta |
| 008 - DATOS DE LONGITUD FIJA--INFORMACIÓN GENERAL |
| campo de control de longitud fija |
250602b2024 dr a|||j |||| 00| 0 spa d |
| 020 ## - NÚMERO INTERNACIONAL ESTÁNDAR DEL LIBRO |
| Número Internacional Estándar del Libro |
9789945945712 |
| 040 ## - FUENTE DE LA CATALOGACIÓN |
| Centro catalogador/agencia de origen |
DO-SdBNP |
| Lengua de catalogación |
spa |
| Centro/agencia transcriptor |
BNPHU |
| Normas de descripción |
rda |
| 082 ## - NÚMERO DE LA CLASIFICACIÓN DECIMAL DEWEY |
| Número de clasificación |
xxxx |
| Número de documento/Ítem |
G261 |
| Número de edición |
22 |
| 100 1# - ENTRADA PRINCIPAL--NOMBRE DE PERSONA |
| Nombre de persona |
Gatón, Iván |
| Término indicativo de función/relación |
autor |
| Código de función/relación |
aut. |
| 9 (RLIN) |
87224 |
| 245 04 - MENCIÓN DE TÍTULO |
| Título |
Las súper Maravillas de la primada de américa 2: |
| Resto del título |
la Española, destino del viaje que cambió para siempre la historia de la humanidad / |
| Mención de responsabilidad, etc. |
Iván Gatón : ilustraciones, Wilfredo Castillo Nolasco |
| 264 #1 - PRODUCCIÓN, PUBLICACIÓN, DISTRIBUCIÓN, FABRICACIÓN Y COPYRIGHT |
| Producción, publicación, distribución, fabricación y copyright |
Santo Domingo : |
| Nombre del de productor, editor, distribuidor, fabricante |
Editora Amigos del Hogar, |
| Fecha de producción, publicación, distribución, fabricación o copyright |
2024. |
| 300 ## - DESCRIPCIÓN FÍSICA |
| Extensión |
30 páginas : |
| Otras características físicas |
ilustraciones |
| Dimensiones |
28 cm. |
| 336 ## - TIPO DE CONTENIDO |
| Término de tipo de contenido |
texto |
| Código de tipo de contenido |
txt |
| Fuente |
rdacontent |
| 337 ## - TIPO DE MEDIO |
| Nombre/término del tipo de medio |
sin mediación |
| Código del tipo de medio |
n |
| Fuente |
rdamedia |
| 338 ## - TIPO DE SOPORTE |
| Nombre/término del tipo de soporte |
volumen |
| Código del tipo de soporte |
nc |
| Fuente |
rdacarrier |
| 500 ## - NOTA GENERAL |
| Nota general |
Incluye datos biografícos del autor en la página 1. |
| 520 ## - SUMARIO, ETC. |
| Sumario, etc. |
La dignidad histórica de nuestro pueblo debe ser recontextualizada: sería un<br/>grave error pasar por alto sus orígenes, así como los eventos que tuvieron<br/>lugar en lo que hoy podemos llamar República Dominicana y de los actores de<br/>los mismos, los cuales incidieron en el cambio que, para siempre, experimentó la<br/>humanidad a partir de la llegada de los europeos el 12 de octubre de 1492 al<br/>llamado “Nuevo Mundo”.<br/>Lo que nos motivó a tomar la decisión de realizar un cómic que permitiera a<br/>los niños y jóvenes dominicanos acercarse a sus eslabones históricos es la<br/>inocultable realidad de que no somos conscientes de la importancia y la<br/>trascendencia que tiene nuestro espacio territorial en el proceso conocido como<br/>modernidad.<br/>Los pueblos sin memoria están condenados a desaparecer en el fortuito ir y<br/>venir de los tiempos, y este trabajo es el modesto aporte que hacemos en<br/>estos momentos cruciales para el futuro de la República Dominicana. |
| 590 ## - NOTA LOCAL (RLIN) |
| Nota local |
Inventariado, 2025/ YL |
| 700 1# - PUNTO DE ACCESO ADICIONAL--NOMBRE DE PERSONA |
| Nombre de persona |
Castillo Nolasco, Wilfredo |
| Término indicativo de función/relación |
ilustraciones |
| Código de función/relación |
il. |
| 9 (RLIN) |
87942 |
| 910 ## - DATOS DE OPCIÓN DEL USUARIO (OCLC) |
| Datos de opción del usuario |
YLockward |
| 942 ## - ELEMENTOS DE PUNTO DE ACCESO ADICIONAL (KOHA) |
| Fuente del sistema de clasificación o colocación |
Dewey Decimal Classification |
| Tipo de ítem Koha |
Folleto |